000
00336nam a2200145Ia 4500
005
20251222152722.0
008
251222s9999||||xx |||||||||||||| ||spa||
020
_a
9972280799
082
_a
378.155/U61
100
_a
Clara Caselli y otros
245
0
_a
Universidad y Desarrollo
250
_a
1ra.ed.
264
_b
UCSS
942
_c
LIB
999
_c
29640
_d
29640